Az űbermensch a szépirodalomban
Elmentve itt :
| Szerző: | |
|---|---|
| Adatforrás: | Philobibl |
| Forrásdokumentuma: | Vármegyei Közélet 1906/6-9. |
| Dokumentumtípus: | Cikk |
| Nyelv: | magyar |
| Kulcsszavak: | Nietzsche irodalom |
| LEADER | 00335nab a2200121 c 4500 | ||
|---|---|---|---|
| 001 | bibDOK00010096 | ||
| 005 | 20200924120537.6 | ||
| 008 | 060518s1906 xx hun | ||
| 100 | 1 | |a Erdélyi Károly | |
| 245 | 1 | 3 | |a Az űbermensch a szépirodalomban |c Erdélyi Károly |
| 695 | |a Nietzsche | ||
| 695 | |a irodalom | ||
| 773 | 0 | |t Vármegyei Közélet |g 1906/6-9. | |